| 000 | 00567nam a2200157 a 4500 | ||
|---|---|---|---|
| 008 | 120416s1978 ||||||||||||||||| || u | ||
| 050 | _aHD 70.U5 Rea | ||
| 245 | 0 | 0 |
_aReadings in business policy from business week _cedited by William F. Glueck |
| 260 |
_aNew York _bMcGraw-Hill _c1978 |
||
| 300 | _axix, 410p | ||
| 350 | _a0.00 | ||
| 650 | _aBUSINESS MANAGEMENT | ||
| 650 | _aBUSINESS POLICY | ||
| 650 | 0 | _aBUSINESS | |
| 995 |
_D0.00 _FCBU-MAIN LIBRARY (Kitwe) _H1 _I0.00 _M1 _UDAMAGED _ZMain Library Open Access Collection |
||
| 999 |
_c55659 _d55659 |
||